Countries A-Z with Capital Closest to Border - Statistics

General Stats
  • This quiz has been taken 1,222 times
  • The average score is 17 of 24
Answer Stats
Letter Distance (km) Country % Correct
Y 160 Yemen
92%
Q 75 Qatar
91%
V 0 Vatican City
91%
O 230 Oman
90%
Z 180 Zimbabwe
90%
L 0 Laos, Lesotho, Liechtenstein
84%
A 7 Andorra
81%
M 0 Monaco
81%
I 0 Israel, Italy
79%
H 20 Haiti
77%
J 15 Jordan
76%
F 140 Finland
74%
D 0 Democratic Republic of the Congo
73%
R 0 Republic of the Congo
69%
U 0 Uzbekistan
65%
E 15 Eswatini
59%
K 10 Kyrgyzstan
56%
S 0 Slovakia
53%
G 15 Gambia
52%
B 5 Brunei
50%
C 0 Central African Republic, Chad
48%
T 0 Togo
48%
P 0 Paraguay
41%
N 10 North Macedonia
32%
No matching quizzes found
Score Distribution
Percent of People with Each Score
Percentile by Number Answered
Your Score History
You have not taken this quiz